[Event "Vienna op"]
[Site "Vienna"]
[Date "1991.??.??"]
[Round "6"]
[White "Psakhis, Lev"]
[Black "Roeder, Frank"]
[Result "1-0"]
[WhiteElo "2575"]
[BlackElo "2290"]

1.e4 c5 2.Nf3 Nc6 3.Bb5 g6 4.Bxc6 dxc6 5.h3 Bg7 6.d3 e5 7.Nc3 Qe7 8.Be3 Nf6
9.Qd2 Nd7 10.Bh6 f6 11.Bxg7 Qxg7 12.Qe3 Qe7 13.Nd2 Nf8 14.f4 Ne6 15.fxe5 fxe5
16.O-O-O Nf4 17.Rhg1 Bd7 18.Nf3 O-O-O 19.Nb1 g5 20.Nbd2 h6 21.Nc4 Ng6 22.b4 g4
23.hxg4 cxb4 24.Qxa7 Bxg4 25.Rdf1 Rde8 26.Nfd2 Rhf8 27.Nb3 Be6 28.Nba5 Qc7
29.Nb6+ Kd8 30.Na8  1-0

[Event "Vienna op"]
[Site "Vienna"]
[Date "1991.??.??"]
[Round "7"]
[White "Motwani, Paul"]
[Black "Lanka, Zigurds"]
[Result "0-1"]
[WhiteElo "2440"]
[BlackElo "2505"]

1.e4 c5 2.Nf3 Nc6 3.Bb5 g6 4.O-O Bg7 5.Re1 e5 6.Bxc6 dxc6 7.d3 Qe7 8.Nbd2 Nf6
9.a3 O-O 10.b4 Be6 11.bxc5 Qxc5 12.a4 b5 13.Bb2 Nh5 14.c3 Qb6 15.d4 Rfd8
16.axb5 Qxb5 17.Qc2 exd4 18.Nxd4 Qb6 19.Nxe6 fxe6 20.Nf3 Nf4 21.Bc1 Nd3 22.Rf1 c5
23.Be3 a5 24.Rfd1 Qa6 25.h4 h6 26.Ra3 Rab8 27.Qa2 Ne5 28.Rxd8+ Rxd8 29.Rxa5 Nxf3+
30.gxf3 Rd1+ 31.Kh2 Qf1 32.Qxe6+ Kh7 33.Bxc5 Qg1+ 34.Kh3 Qh1+ 35.Kg3 Rg1+
36.Kf4 Qxh4+ 37.Ke3 Qg5+ 38.f4 Qh5 39.f3 Rg3 40.Kd2 Qxf3  0-1

[Event "Vienna op"]
[Site "Vienna"]
[Date "1991.??.??"]
[Round "8"]
[White "Lendwai, Reinhard"]
[Black "Schlueter, Wolfgang"]
[Result "1-0"]
[WhiteElo "2405"]
[BlackElo "2270"]

1.e4 c5 2.Nf3 Nc6 3.Bb5 d6 4.O-O Bg4 5.h3 Bxf3 6.Bxc6+ bxc6 7.Qxf3 e5 8.d3 Ne7
9.Nd2 Ng6 10.Nc4 Be7 11.Ne3 O-O 12.Nf5 h6 13.g3 Bg5 14.Bxg5 hxg5 15.Qh5 Re8
16.Rae1 Nf8 17.Qg4 Re6 18.h4 Rg6 19.h5 Re6 20.f4 Nh7 21.Re2 Qf6 22.Rh2 gxf4
23.gxf4 Kh8 24.Rg2 Rg8 25.c3 Ree8 26.Nh4 Rgf8 27.fxe5  1-0

[Event "Villa Ballester op"]
[Site "Villa Ballester"]
[Date "1991.??.??"]
[Round "2"]
[White "Valerga, Diego"]
[Black "Lopez, Carlos Manuel"]
[Result "1-0"]
[WhiteElo "2355"]
[BlackElo "2275"]

1.e4 c5 2.Nf3 Nc6 3.Bb5 Qc7 4.O-O a6 5.Bxc6 bxc6 6.b3 e5 7.Bb2 d6 8.d3 Be7
9.Nfd2 Bd7 10.Nc4 Bf6 11.Nbd2 Ne7 12.f4 exf4 13.Bxf6 gxf6 14.Nf3 Be6 15.Qd2 d5
16.Nb2 Ng6 17.Qc3 Qe7 18.Na4 c4 19.exd5 cxd5 20.bxc4 dxc4 21.d4 O-O 22.Rae1 Qd8
23.Nc5 Bd5 24.Qd2 Kg7 25.c3 a5 26.Qf2 Re8 27.Nh4 Rxe1 28.Rxe1 Nxh4 29.Qxh4 f3
30.gxf3 Kh8 31.Ne4 Ra6 32.Kf2 Rb6 33.Re2 a4 34.Ng3 a3 35.Qh6 Be6 36.Nh5 Qg8
37.Qxf6+  1-0

[Event "Warsaw Legion op"]
[Site "Warsaw"]
[Date "1991.??.??"]
[Round "3"]
[White "Vlassov, Nikolai"]
[Black "Kiselev, Sergey"]
[Result "1/2-1/2"]
[WhiteElo "2415"]
[BlackElo "2475"]

1.e4 c5 2.Nf3 Nc6 3.Bb5 g6 4.O-O Bg7 5.Re1 e5 6.c3 Nge7 7.d4 cxd4 8.cxd4 exd4
9.Bf4 a6 10.Ba4 b5 11.Bb3 d6 12.a4 bxa4 13.Rxa4 O-O 14.Nxd4 Nxd4 15.Rxd4 Bxd4
16.Qxd4 Nc6 17.Qe3 Be6 18.Bg5 Qa5 19.Bf6 Ne5 20.h3 Nd7 21.Bc3 Qc5 22.Qh6 Ne5
23.Nd2 Rab8 24.Bd1 f6 25.Re3 Rf7 26.Nf1 d5 27.exd5 Bxd5 28.Bc2 Qc6 29.Rg3 Be4
30.Bd1 Rd7 31.Ne3 Nc4 32.Bg4 Rf7 33.Qf4 Re8 34.Nf5 Bxf5 35.Bxf5 Ne5 36.Bc2 Qc4
37.Qxc4 Nxc4 38.Bb3 Re4 39.Rd3 Rb7 40.Bxf6 Kf8 41.f3 Re6 42.Bg5 Rc6 43.Rc3 Rb4
44.Kf2 a5 45.Kg3 Kg7 46.h4 a4 47.Bxa4 Rxa4 48.b3 Rb4 49.bxc4 Rbxc4 50.Rxc4 Rxc4
51.Kh3 Rc3 52.Kg3 Kf7 53.Kf4 Ke6 54.Bh6 Rc4+ 55.Kg5 Rc5+ 56.Kf4 Rf5+ 57.Ke4 Re5+
58.Kf4 Rh5 59.Bg5 h6 60.Bd8 Rd5 61.Bb6 Rb5 62.Bd4 Kd5 63.Bg7 Rb4+ 64.Kg3 h5
65.Bh6 Rb2 66.Bg7 Ra2 67.Kh3 Ra7 68.Bh6 Rf7 69.Kg3 Kd4 70.Kf2 Kd3 71.Bg5 Rf5
72.Bh6 Ra5 73.Bg5 Ra2+ 74.Kf1 Ra1+ 75.Kf2 Rh1 76.Bf6 Kd2 77.Bg5+ Kd1 78.Bf6  1/2-1/2

[Event "Warsaw Legion op"]
[Site "Warsaw"]
[Date "1991.??.??"]
[Round "7"]
[White "Bukhman, Eduard"]
[Black "Kiselev, Sergey"]
[Result "1/2-1/2"]
[WhiteElo "2430"]
[BlackElo "2475"]

1.e4 c5 2.Nf3 Nc6 3.Bb5 g6 4.Bxc6 dxc6 5.h3 Bg7 6.d3 e5 7.Be3 Qe7 8.a4 Nf6
9.Na3 Nh5 10.Nc4 Nf4 11.g3 Ng2+ 12.Kf1 Nxe3+ 13.Nxe3 O-O 14.Nc4 b5 15.Ncd2 c4
16.dxc4 bxc4 17.Nxc4 Ba6 18.Qe2 Qc5 19.b3 Rab8 20.Kg2 Bxc4 21.Qxc4 Qxc4 22.bxc4 Rb4
23.Rhd1 Rxc4 24.Rd7 a5 25.Ra7 Rxc2 26.Rb1 Rc4 27.Rxa5 Rxe4 28.Rb7 Re2 29.Kf1  1/2-1/2

[Event "Warsaw Legion op"]
[Site "Warsaw"]
[Date "1991.??.??"]
[Round "9"]
[White "Zapolskis, Antanas"]
[Black "Bukhman, Eduard"]
[Result "1/2-1/2"]
[WhiteElo "2370"]
[BlackElo "2430"]

1.e4 c5 2.Nf3 Nc6 3.Bb5 e6 4.Bxc6 bxc6 5.d3 d5 6.O-O Nf6 7.Nbd2 Be7 8.Qe2 O-O
9.c4 Qc7 10.Nb3 Nd7 11.exd5 cxd5 12.cxd5 Nb6 13.dxe6 Bxe6 14.Nbd2 Rad8 15.Nc4 Bf5
16.Rd1 Nxc4 17.dxc4 Rxd1+ 18.Qxd1 Bf6 19.Qe2 Rb8 20.h3 h6 21.a4 Rb3 22.Ra3 Rxa3
23.Qe8+ Kh7 24.bxa3 a6 25.Be3 Be6 26.Qa8 Qd6 27.a5 Qd1+ 28.Kh2 Qd6+ 29.g3 Qd3
30.Nd2 Bxc4 31.Qe4+ Qxe4 32.Nxe4 Bd4 33.Nxc5 Bxe3 34.fxe3 Kg6 35.Kg2 Kf5
36.Kf3 Ke5 37.Na4 Be6 38.Nc3 Bxh3 39.e4 Bf1 40.Ke3 h5 41.Nd5 Bc4 42.Nf4 g6
43.a4 Bb3 44.Nd3+ Kf6 45.Nb4 Bc4 46.Kd4 Bf1 47.Nd5+ Kg5 48.Ne3 Be2 49.e5 h4
50.gxh4+ Kxh4 51.Kd5 Kg3 52.e6 Bf3+ 53.Ke5 fxe6 54.Kxe6 Kf4 55.Kf6 g5 56.Kg6 Bc6
57.Kh5 Be8+ 58.Kh6 Kxe3 59.Kxg5 Bxa4 60.Kg4 Bc6 61.Kg3 Bd5 62.Kg4 Be4 63.Kg3  1/2-1/2

[Event "Warsaw Legion op"]
[Site "Warsaw"]
[Date "1991.??.??"]
[Round "11"]
[White "Nicevski, Risto"]
[Black "Kiselev, Sergey"]
[Result "1-0"]
[WhiteElo "2345"]
[BlackElo "2475"]

1.e4 c5 2.Nf3 Nc6 3.Bb5 g6 4.O-O Bg7 5.c3 Nf6 6.Re1 O-O 7.d4 d5 8.exd5 Qxd5
9.c4 Qd6 10.d5 Na5 11.Na3 a6 12.Ba4 b5 13.cxb5 Nxd5 14.Bb3 Nxb3 15.axb3 axb5
16.Nxb5 Qb8 17.Rxa8 Qxa8 18.Bd2 e6 19.h4 Ba6 20.Nd6 Nb4 21.Ne5 Qd5 22.Bxb4 Qxd1
23.Rxd1 cxb4 24.f4 f5 25.Ra1 Ra8 26.Ra4 Bf8 27.Nec4 Kg7 28.Kh2 Kf6 29.Kg3 h6
30.Kh3 g5 31.g3 Bxd6 32.Nxd6 Bf1+ 33.Kh2 gxh4 34.Rxa8  1-0

[Event "Werfen op"]
[Site "Werfen"]
[Date "1991.??.??"]
[Round "2"]
[White "Niedermayr, Horst"]
[Black "Ikonnikov, Vyacheslav"]
[Result "1/2-1/2"]
[WhiteElo "2225"]
[BlackElo "2480"]

1.e4 c5 2.Nf3 Nc6 3.Bb5 e6 4.O-O Nge7 5.b3 a6 6.Bxc6 Nxc6 7.Bb2 b5 8.d4 cxd4
9.Nxd4 Bb7 10.Nf3 f6 11.Qe2 Bc5 12.Rd1 O-O 13.Nbd2 Qb6 14.Nf1 Rf7 15.a3 a5
16.Rd2 Ne5 17.Nd4 Ba6 18.Ng3 Rc8 19.Qd1 Rc7 20.Rc1 a4 21.b4 Bf8 22.Nf3 Nc4
23.Bd4 Qb8 24.Rd3 g6 25.e5 f5 26.Ng5 Rg7 27.f4 Bb7 28.Qe2 Qa8 29.Rc3 Be7
30.Nf3 Bxf3 31.Rxf3 Kh8 32.Rd1 Rg8 33.Nf1 Re8 34.Nd2 Qb7 35.Nxc4 Rxc4 36.c3 Bd8
37.Qf2 Be7 38.Rfd3 Qe4 39.Re3 Qd5 40.Red3 Qe4 41.Re3 Qc6 42.Red3 Qe4  1/2-1/2

[Event "Werfen op"]
[Site "Werfen"]
[Date "1991.??.??"]
[Round "4"]
[White "Glek, Igor V"]
[Black "Schmid, Wolfgang"]
[Result "1-0"]
[WhiteElo "2530"]
[BlackElo "2225"]

1.e4 c5 2.Nf3 Nc6 3.Bb5 a6 4.Bxc6 dxc6 5.d3 Bg4 6.h3 Bxf3 7.Qxf3 e6 8.a4 Be7
9.a5 Bg5 10.Bxg5 Qxg5 11.Nd2 Qf6 12.Qe3 Qd4 13.Qxd4 cxd4 14.Ra4 e5 15.Nc4 Rd8
16.Rb4 Rd7 17.Nxe5 Re7 18.Nf3 f5 19.e5 Nf6 20.Kd2 Nd5 21.Rxd4 O-O 22.Re1 Rfe8
23.g3 g6 24.h4 h6 25.c4 Nb4 26.Rd6 Re6 27.Rxe6 Rxe6 28.d4 Kf7 29.Kc3 c5 30.d5  1-0

[Event "Werfen"]
[Site "Werfen"]
[Date "1991.??.??"]
[Round "8"]
[White "Mathe, Gaspar"]
[Black "Porubszki, Georg"]
[Result "1-0"]
[WhiteElo "2390"]
[BlackElo "2285"]

1.e4 c5 2.Nf3 Nc6 3.Bb5 g6 4.c3 Bg7 5.O-O e5 6.d4 cxd4 7.cxd4 exd4 8.Bf4 Nge7
9.Na3 a6 10.Ba4 b5 11.Bb3 O-O 12.Bd6 h6 13.Qd2 Bb7 14.Rfe1 Kh7 15.Rad1 Qb6
16.Qf4 f5 17.exf5 Nxf5 18.Bxf8 Rxf8 19.Qg4 Nb4 20.Ne5 h5 21.Qh3 Bxe5 22.Rxe5 Qf6
23.Rxf5 Qxf5 24.Qxf5 Rxf5 25.Rxd4 d5 26.Rxb4  1-0

[Event "Hoogovens-B"]
[Site "Wijk aan Zee"]
[Date "1991.??.??"]
[Round "6"]
[White "Bosboom, Manuel"]
[Black "Frias, Victor J"]
[Result "1-0"]
[WhiteElo "2480"]
[BlackElo "2520"]

1.e4 c5 2.Nf3 Nc6 3.Bb5 e6 4.O-O Nge7 5.Nc3 Nd4 6.Nxd4 cxd4 7.Ne2 Qb6 8.a4 a6
9.Bd3 Nc6 10.c3 Be7 11.a5 Qa7 12.Nxd4 Nxd4 13.cxd4 Qxd4 14.Bb1 b5 15.axb6 Qxb6
16.d4 O-O 17.e5 Bb7 18.Qg4 Rfc8 19.Bh6 g6 20.h4 Rc4 21.Be3 h5 22.Qg3 Kg7
23.Rd1 Qd8 24.Qf4 Qh8 25.Bd3 Rb4 26.Rdc1 a5 27.Rc7 Bc6 28.Rc1 Kf8 29.Bxg6 Qg7
30.Be4 Rxb2 31.Bxc6 dxc6 32.R1xc6 Ke8 33.Qf3 Rbb8 34.Qxh5 Kd8 35.Bg5 Bxg5
36.hxg5  1-0

[Event "Hoogovens-B"]
[Site "Wijk aan Zee"]
[Date "1991.??.??"]
[Round "8"]
[White "Martens, Martin"]
[Black "Cifuentes Parada, Roberto"]
[Result "1/2-1/2"]
[WhiteElo "2315"]
[BlackElo "2510"]

1.e4 c5 2.Nf3 Nc6 3.Bb5 e6 4.Bxc6 bxc6 5.O-O Ne7 6.b3 Ng6 7.e5 Be7 8.Bb2 f6
9.d3 O-O 10.Nbd2 Qe8 11.Rb1 Nf4 12.Ne4 fxe5 13.Bxe5 Qg6 14.g3 Qg4 15.Nfd2 Ne2+
16.Kg2 Rf5 17.f3 Qg6 18.f4 Nd4 19.Bd6 Bxd6 20.Nxd6 Rd5 21.N6c4 Nf5 22.Re1 d6
23.Ne4 Bd7 24.Kh1 Rf8 25.c3 e5 26.fxe5 dxe5 27.Qe2 Nh6 28.Rf1 Bf5 29.Rbe1 Rfd8
30.Nf2 Ng4 31.Nb2 h5 32.Nxg4 Bxg4 33.Qe4 Qh6 34.Rf2 Bh3 35.Kg1 Kh8 36.Qe3 Qe6
37.c4 Rd4 38.Qxe5 Qh6 39.Qxc5 h4 40.Rf8+ Kh7 41.Rxd8 Rxd8 42.Qe3 Qxe3+ 43.Rxe3 Rf8
44.Re1 Rf3 45.gxh4 Rf4 46.Na4 Rg4+ 47.Kf2 Rg2+ 48.Kf3 Rxa2 49.Re7 Bf5 50.Nc5 a5
51.Rc7 Rxh2 52.Rxc6 Rxh4 53.Rd6 g5 54.d4 Rh3+ 55.Kg2 Rc3 56.Rf6 Rc2+ 57.Kg3 Rc3+
58.Kf2 Bg6 59.d5 Kg7 60.Re6 a4 61.Nxa4 Rxb3 62.d6 Bf5 63.Re7+ Kf6 64.Nc5 Rb2+
65.Ke1 Rb6 66.Nd7+ Bxd7 67.Rxd7 Ke6  1/2-1/2

[Event "Wuerzburg op"]
[Site "Wuerzburg"]
[Date "1991.??.??"]
[Round "6"]
[White "Suetin, Alexey S"]
[Black "Kalinitschew, Sergey"]
[Result "1/2-1/2"]
[WhiteElo "2375"]
[BlackElo "2430"]

1.e4 c5 2.Nf3 Nc6 3.Bb5 d6 4.d4 cxd4 5.Qxd4 Bd7 6.Bxc6 Bxc6 7.c4 Nf6 8.Nc3 g6
9.O-O Bg7 10.Qd3 O-O 11.Nd4 Bd7 12.h3 a6 13.Be3 Qa5 14.a4 Rfc8 15.b3 Bc6
16.Nd5 Nxd5 17.exd5 Bd7 18.Rfe1 e5 19.dxe6 fxe6 20.Rad1 d5 21.cxd5 exd5 22.Rc1  1/2-1/2

[Event "Zalakaros op"]
[Site "Zalakaros"]
[Date "1991.??.??"]
[Round "4"]
[White "Velicka, Petr"]
[Black "Lenz, Alarich"]
[Result "1-0"]
[WhiteElo "2335"]
[BlackElo "2245"]

1.e4 c5 2.Nf3 Nc6 3.Bb5 g6 4.Bxc6 dxc6 5.d3 Bg7 6.h3 e5 7.Be3 Qe7 8.O-O f6
9.a4 Nh6 10.a5 Nf7 11.Nbd2 Nd8 12.Nc4 O-O 13.a6 b6 14.b4 cxb4 15.Bxb6 axb6
16.Nxb6 Qa7 17.Nxa8 Qxa8 18.c3 Rf7 19.Qb3 bxc3 20.a7 Bb7 21.Qxc3 Ne6 22.Rfb1 Nd4
23.Nxd4 exd4 24.Qb3 Bf8 25.Qxf7+ Kxf7 26.Rxb7+ Qxb7 27.a8=Q Qxa8 28.Rxa8 c5
29.Kf1  1-0

[Event "Ajka op"]
[Site "Ajka"]
[Date "1992.??.??"]
[Round "2"]
[White "Vydeslaver, Alik"]
[Black "Starosek, Konstantin"]
[Result "1/2-1/2"]
[WhiteElo "2305"]
[BlackElo "2425"]

1.e4 c5 2.Nf3 Nc6 3.Bb5 g6 4.Bxc6 dxc6 5.Nc3 Bg7 6.d3 e5 7.h3 Qe7 8.Be3 Nf6
9.Qd2 O-O 10.Bh6 Nh5 11.O-O Bxh6 12.Qxh6 Nf4 13.Rae1 f6 14.Ne2 Ne6 15.Nh2 Bd7
16.f4 exf4 17.Nxf4 Qg7 18.Qxg7+ Kxg7 19.Nxe6+ Bxe6 20.Nf3  1/2-1/2

[Event "Ajka op"]
[Site "Ajka"]
[Date "1992.??.??"]
[Round "4"]
[White "Sutovskij, Emil"]
[Black "Csiszar, Csaba"]
[Result "1-0"]
[WhiteElo "2265"]
[BlackElo "2235"]

1.e4 c5 2.Nf3 Nc6 3.Bb5 e5 4.Bxc6 dxc6 5.d3 Bd6 6.Be3 Ne7 7.Nbd2 Ng6 8.Nc4 b6
9.Nxd6+ Qxd6 10.h3 Be6 11.Qd2 f5 12.exf5 Bxf5 13.O-O-O h6 14.Rde1 O-O-O 15.Qc3 Qc7
16.Bd2 Rd5 17.Re2 Rf8 18.Nh2 Nf4 19.Bxf4 exf4 20.Nf3 g5 21.Rhe1 Rd7 22.Re8+ Rxe8
23.Rxe8+ Rd8 24.Rxd8+ Qxd8 25.Qg7 Qd6 26.Qxa7 b5 27.a4 bxa4 28.Qxa4 Kd8 29.Qa7 Bd7
30.Nd2 Qe5 31.Qa8+ Ke7 32.Ne4 c4 33.Qa3+ Kf7 34.Qd6 Qe6 35.Qxe6+ Bxe6 36.Nd6+ Kf6
37.Nxc4 f3 38.g4 h5 39.gxh5 Bxh3 40.Kd2 Bg4 41.h6 Bh5 42.Ne5  1-0

[Event "Ajka op"]
[Site "Ajka"]
[Date "1992.??.??"]
[Round "8"]
[White "Vydeslaver, Alik"]
[Black "Csiszar, Csaba"]
[Result "0-1"]
[WhiteElo "2305"]
[BlackElo "2235"]

1.e4 c5 2.Nf3 Nc6 3.Bb5 e5 4.Bxc6 dxc6 5.d3 Bd6 6.h3 Ne7 7.Be3 Ng6 8.Nbd2 b6
9.Qe2 O-O 10.O-O-O Nf4 11.Bxf4 exf4 12.e5 Bc7 13.Qe4 Qd5 14.Rhe1 f6 15.exf6 Rxf6
16.c4 Qd6 17.Qe2 Rf8 18.Ne4 Qg6 19.Qc2 Bb7 20.Qc3 Rae8 21.Re2 Bc8 22.Rde1 Bd7
23.a3 h6 24.b4 cxb4 25.axb4 a5 26.bxa5 bxa5 27.Nc5 Rxe2 28.Rxe2 Bc8 29.Nd4 Bd6
30.Nde6 Bxc5 31.Nxc5 f3  0-1

[Event "ARG-ch"]
[Site "ARG"]
[Date "1992.??.??"]
[Round "?"]
[White "Rosito, Jorge"]
[Black "Amura, Claudia Noemi"]
[Result "0-1"]
[WhiteElo "2345"]
[BlackElo "2355"]

1.e4 c5 2.Nf3 Nc6 3.Bb5 e6 4.O-O Nge7 5.b3 a6 6.Bxc6 Nxc6 7.Bb2 b5 8.a4 b4
9.d4 cxd4 10.Nxd4 Qf6 11.e5 Qxe5 12.Re1 Qc5 13.Qd3 Nxd4 14.Bxd4 Qc6 15.c4 Bb7
16.Qh3 Bc5 17.Bb2 O-O 18.Nd2 Qb6 19.Qh4 f6 20.Rad1 d5 21.cxd5 Bxd5 22.Ne4 Bxe4
23.Rxe4 Rad8 24.Rde1 Rd2 25.R4e2 Rfd8 26.h3 Rxe2 27.Rxe2 Rd1+ 28.Kh2 Qc7+
29.g3 Qc6 30.Re4 Bxf2 31.Qg4 Rd2 32.Re2 Rxe2 33.Qxe2 Ba7 34.Qd2 Qb6  0-1

[Event "Athens schev (Women)"]
[Site "Athens"]
[Date "1992.??.??"]
[Round "11"]
[White "Veroci, Zsuzsa"]
[Black "Giaidzi, Aspasia"]
[Result "1/2-1/2"]
[WhiteElo "2310"]
[BlackElo "2060"]

1.e4 c5 2.Nf3 Nc6 3.Bb5 Qc7 4.Nc3 Nf6 5.O-O a6 6.Bxc6 dxc6 7.d3 Bg4 8.h3 Bh5
9.a4 a5 10.Be3 e5 11.Qe2 h6 12.g4 Bg6 13.Nh4 Bh7 14.f4 Bd6 15.f5 Nd7 16.Nb1 Be7
17.Nf3 f6 18.Nh4 O-O-O 19.Nd2 Rdg8 20.Nc4 g5 21.Nf3 Rg7 22.Bd2 b6 23.Kg2 Bg8
24.Ne3 Bf7 25.Rh1 h5 26.Raf1 Rgh7 27.b3 Kb7  1/2-1/2

[Event "Bayern-chB"]
[Site "Bad Neustadt"]
[Date "1992.??.??"]
[Round "8"]
[White "Menacher, Manfred"]
[Black "Roeder, Gerd"]
[Result "1/2-1/2"]
[WhiteElo "2300"]
[BlackElo "2255"]

1.e4 c5 2.Nf3 Nc6 3.Bb5 g6 4.O-O Bg7 5.c3 e5 6.Na3 Nge7 7.Nc4 O-O 8.Nd6 Qc7
9.Nxc8 Raxc8 10.Be2 d5 11.d3 d4 12.c4 Nd8 13.Ne1 Ne6 14.g3 Kh8 15.Bd2 f5
16.f3 f4 17.g4 Bf6 18.Ng2 g5 19.b4 cxb4 20.Bxb4 Rf7 21.Qb3 Kg7 22.Kf2 Nc6
23.a3 b6 24.Rh1 Nc5 25.Qd1 Qd8 26.Ne1 Rb7 27.Rb1 Rcb8 28.Ng2 h6 29.Qc2 Be7
30.Bxc5 bxc5 31.Rxb7 Rxb7 32.Rb1 Qb8 33.Rxb7 Qxb7 34.Qa4 a6 35.Bd1 Bd8 36.Qb3 Qxb3
37.Bxb3 Ba5 38.Ba4 Nb8  1/2-1/2

[Event "Baden-Baden"]
[Site "Baden-Baden"]
[Date "1992.??.??"]
[Round "3"]
[White "Lutz, Christopher"]
[Black "Boensch, Uwe"]
[Result "1-0"]
[WhiteElo "2550"]
[BlackElo "2490"]

1.e4 c5 2.Nf3 Nc6 3.Bb5 Qb6 4.Ba4 g6 5.O-O Bg7 6.Re1 e6 7.Bxc6 bxc6 8.e5 f5
9.d3 Nh6 10.Nbd2 Ba6 11.c4 Nf7 12.Nb3 Bc8 13.Be3 Bf8 14.Qd2 h6 15.Qa5 Qxa5
16.Nxa5 g5 17.Bd2 Rb8 18.Bc3 Be7 19.Nd2 O-O 20.Ndb3 Rb6 21.d4 cxd4 22.Bxd4 Ra6
23.c5 Nh8 24.a4 Ng6 25.g3 Bd8 26.Nc4 Bb7 27.Nc1 Ne7 28.Nd3 Nd5 29.b4 Bc7
30.f3 Rb8 31.a5 Ba8 32.Rab1 Bd8 33.Kf2 Kh7 34.Ke2 Be7 35.Kd2 Rg8 36.h3 Bb7
37.Kc2 Bc8 38.Nd6 Kg6 39.Bc3 Rf8 40.Bd2 h5 41.f4 g4 42.hxg4 fxg4 43.Rh1 Bxd6
44.exd6 Rf5 45.Rh2 Nf6 46.Ne5+ Kh6 47.Rbh1 Bb7 48.Bc3 Bc8 49.Nf7+ Kg6 50.Nh8+  1-0

[Event "Balatonbereny op"]
[Site "Balatonbereny"]
[Date "1992.??.??"]
[Round "2"]
[White "Holzmann, Herbert"]
[Black "Leko, Peter"]
[Result "0-1"]
[WhiteElo "2340"]
[BlackElo "2460"]

1.e4 c5 2.Nf3 Nc6 3.Bb5 Qb6 4.a4 e6 5.O-O Nge7 6.Re1 g6 7.Na3 Bg7 8.Nc4 Qc7
9.d3 O-O 10.c3 d5 11.exd5 exd5 12.Ne3 Na5 13.Rb1 a6 14.b4 Bxc3 15.bxa5 Bxe1
16.Nxe1 axb5 17.Bd2 d4 18.Nf1 b4 19.Qc1 Nd5 20.Bh6 Nc3 21.Rb2 Re8 22.Ng3 Ra6
23.Nf3 Rae6 24.h4 Bd7 25.Ne4 f5 26.Bf4 Qc6 27.Neg5 Ne2+ 28.Rxe2 Rxe2 29.Qc4+ Be6
30.Nxe6 Qxe6 31.Qxc5 b3 32.Kh2 b2 33.Qb5 Rxf2 34.Qxb7 Rxf3 35.gxf3 Qe2+ 36.Kh3 Qf1+
37.Kg3 Qe1+ 38.Kh3 b1=Q 39.Qd5+ Qe6 40.Qxd4 Qh1+ 41.Kg3 Qee1+  0-1

[Event "Bankia tt"]
[Site "Bankia"]
[Date "1992.??.??"]
[Round "5"]
[White "Zahariev, Zahari"]
[Black "Spasov, Vasil"]
[Result "1/2-1/2"]
[WhiteElo "2365"]
[BlackElo "2550"]

1.e4 c5 2.Nf3 Nc6 3.Bb5 g6 4.O-O Bg7 5.Re1 e5 6.Bxc6 dxc6 7.d3 Qe7 8.Nbd2 Nf6
9.Nc4 Nd7 10.b3 O-O 11.a4 Rd8 12.Bb2 f6 13.Kh1 Nf8 14.Ng1 Ne6 15.Rf1 Qc7
16.Ne2 Nd4 17.Nxd4 cxd4 18.Bc1 Be6 19.Bd2 Rf8 20.f4 b5 21.Nb2 a6 22.Qe1 c5
23.Qh4 c4 24.Bb4 Rfe8 25.fxe5 fxe5 26.bxc4 bxc4 27.Nxc4 Bxc4 28.dxc4 Qxc4
29.Be7 Ra7 30.Bg5 Qxc2 31.Rf2 Qc4 32.h3 Rf8 33.Rc1 Qxa4 34.Rxf8+ Bxf8 35.Rc8 Qd7
36.Rd8 Qc6 37.Be7 Ra8 38.Bxf8 Rxd8 39.Qxd8 Qc1+ 40.Kh2 Qf4+ 41.Kg1 Qxf8 42.Qd5+ Kg7
43.Qxe5+ Qf6 44.Qd5 Kh6 45.e5 Qf4 46.e6 Qe3+ 47.Kh2 d3 48.Qd6 d2 49.e7 d1=Q
50.Qxd1 Qxe7 51.Qd2+ Kg7 52.Qd4+ Qf6 53.Qd7+ Kh6 54.Qd2+ g5 55.g3 Qe5 56.h4 a5
57.hxg5+ Kg6 58.Qd8 Kh5 59.g6 Kxg6 60.Qg8+ Kh6 61.Qf8+ Qg7 62.Qf4+ Qg5 63.Qf8+ Kh5
64.Qe8+ Kh6 65.Qf8+ Kg6 66.Qg8+  1/2-1/2

[Event "Barcelona"]
[Site "Barcelona"]
[Date "1992.??.??"]
[Round "?"]
[White "Romanishin, Oleg M"]
[Black "Ochoa de Echaguen, F Javier"]
[Result "1/2-1/2"]
[WhiteElo "2595"]
[BlackElo "2410"]

1.e4 c5 2.Nf3 Nc6 3.Bb5 e5 4.O-O Nge7 5.Bc4 Ng6 6.c3 Be7 7.d4 d6 8.h3 O-O
9.Be3 Qc7 10.Nbd2 Kh8 11.Bd3 exd4 12.cxd4 f5 13.exf5 Bxf5 14.Qb1 Qd7 15.Bxf5 Rxf5
16.Rd1 Raf8 17.dxc5 dxc5 18.Ne4 Qe6 19.Neg5 Bxg5 20.Nxg5 Qe5 21.Ne4 b6 22.Ng3 R5f6
23.Rd2 Re6  1/2-1/2

[Event "Beersheba-B"]
[Site "Beersheba"]
[Date "1992.??.??"]
[Round "2"]
[White "Lederer, Yoav"]
[Black "Tsesarsky, Ilya"]
[Result "0-1"]
[WhiteElo "2245"]
[BlackElo "2450"]

1.e4 c5 2.Nf3 Nc6 3.Bb5 g6 4.O-O Bg7 5.Re1 Nf6 6.c3 O-O 7.e5 Nd5 8.d4 cxd4
9.cxd4 Nc7 10.a4 d6 11.Bxc6 bxc6 12.Bf4 Nd5 13.Bg3 Rb8 14.Nbd2 Rxb2 15.exd6 exd6
16.Nc4 Rb4 17.Rc1 Bh6 18.Nfd2 Nf4 19.Qf3 Qf6 20.Ne4 Nh3+ 21.Kh1 Qxf3 22.gxf3 Bxc1
23.Rxc1 Be6 24.Ncxd6 f5 25.Nc5 Bd5 26.Kg2 Ng5 27.Nd7 f4 28.Bh4 Nxf3 29.Nf6+ Kg7
30.Nxd5 Nxh4+ 31.Kh3 cxd5 32.Kxh4 Rxd4 33.Rc7+ Kf6 34.Rxa7 g5+ 35.Kh3 Rd3+
36.Kg2 h5 37.Nb7 Rc8 38.Ra6+ Ke5 39.Nd6 Rf8 40.Nb5 h4  0-1

[Event "Beersheba-B"]
[Site "Beersheba"]
[Date "1992.??.??"]
[Round "9"]
[White "Vydeslaver, Alik"]
[Black "Tsesarsky, Ilya"]
[Result "1/2-1/2"]
[WhiteElo "2340"]
[BlackElo "2450"]

1.e4 c5 2.Nf3 Nc6 3.Bb5 Qb6 4.Nc3 e6 5.O-O Nd4 6.Bc4 Ne7 7.d3 Nec6 8.Nxd4 cxd4
9.Ne2 Na5 10.Bb3 Nxb3 11.axb3 Be7 12.f4 d6 13.f5 e5 14.Ng3 Qc7 15.Rf2 Bh4
16.Qg4 Bxg3 17.Qxg3 f6 18.Qh4 h6 19.Qh5+ Qf7 20.Qf3 b6 21.Qe2 Bb7 22.Rf3 a5
23.Rg3 Rc8 24.b4 axb4 25.b3 d5 26.Ra7 Ra8 27.Rxa8+ Bxa8 28.Bd2 Qe7 29.exd5 Bxd5
30.Qe1 Qc7 31.Qd1 Qe7 32.Qe1 Qc7 33.Qd1 h5 34.Bxb4 h4 35.Rh3 Qc8 36.Be1 Qxf5
37.Rxh4 Rxh4 38.Bxh4 Qf4 39.Bg3 Qe3+ 40.Kf1 Ke7 41.Qe1 Qxe1+ 42.Bxe1 Ke6
43.Kf2 f5 44.g3 e4 45.dxe4 fxe4 46.Bb4 Ke5 47.Bf8 e3+ 48.Ke2 g6 49.h4 Ke4
50.Bg7 Be6 51.Bf6 b5 52.Bg7 Bg4+ 53.Ke1 Bh5 54.Bf6 Bf3 55.Bg7 Kd5 56.Bf6 Be4
57.Kd1 Bf5 58.Bg7 Ke4 59.Ke2 Bc8 60.Bf6 Ba6 61.Ke1 Bc8  1/2-1/2

[Event "Belfort op"]
[Site "Belfort"]
[Date "1992.??.??"]
[Round "4"]
[White "Hauchard, Arnaud"]
[Black "Ikonnikov, Vyacheslav"]
[Result "1-0"]
[WhiteElo "2420"]
[BlackElo "2490"]

1.e4 c5 2.Nf3 Nc6 3.Bb5 g6 4.O-O Bg7 5.Re1 Nh6 6.c3 a6 7.Ba4 b5 8.Bc2 d6
9.h3 e5 10.d4 exd4 11.cxd4 Nxd4 12.Nxd4 cxd4 13.Nd2 O-O 14.Nf3 Qb6 15.Bf4 Kh8
16.Qd2 Ng8 17.Rad1 Bb7 18.Nxd4 Rad8 19.Bb1 Nf6 20.Nb3 Rfe8 21.Qb4 d5 22.Qc5 Qxc5
23.Nxc5 Bc8 24.Bc7 d4 25.Bxd8 Rxd8 26.e5 Ne8 27.Nb3 Bb7 28.Rxd4 Rc8 29.Rd7 Nc7
30.f4 Bc6 31.Rd6 Ne8 32.Rd2 Bh6 33.g3 Ba8 34.Be4  1-0

[Event "Benidorm op"]
[Site "Benidorm"]
[Date "1992.??.??"]
[Round "4"]
[White "Malbran, Guillermo"]
[Black "Perez Pardo, Juan Carlos"]
[Result "1-0"]
[WhiteElo "2330"]
[BlackElo "2345"]

1.e4 c5 2.Nf3 Nc6 3.Bb5 e6 4.O-O Nge7 5.c3 d5 6.exd5 Nxd5 7.d4 Qb6 8.c4 Nf6
9.Nc3 cxd4 10.Nxd4 Bd7 11.Nxc6 Bxc6 12.Be3 Qc7 13.Qf3 Bd6 14.Bxc6+ bxc6 15.Nb5 Bxh2+
16.Kh1 Qc8 17.Nxa7 Rxa7 18.Bxa7 Be5 19.Rfe1 Nd7 20.Rad1 Bxb2 21.Bd4 Bxd4
22.Rxd4 O-O 23.Rd6 Nf6 24.Qxc6 Qb8 25.Red1 g6 26.Qb6 Qa8 27.Rd8 Qxa2 28.Rxf8+ Kxf8
29.Qd4 Qe2 30.Kg1 e5 31.Qd3 Qh5 32.Re1 e4 33.Qd4 Ng4 34.Qh8+ Ke7 35.Rxe4+  1-0

[Event "Bern op"]
[Site "Bern"]
[Date "1992.??.??"]
[Round "2"]
[White "Kveinys, Aloyzas"]
[Black "Jakob, Simon"]
[Result "1-0"]
[WhiteElo "2485"]
[BlackElo "2275"]

1.e4 c5 2.Nf3 Nc6 3.Bb5 d6 4.c4 Bd7 5.Nc3 Nf6 6.O-O e6 7.Qe2 Be7 8.Bxc6 Bxc6
9.d4 O-O 10.Rd1 cxd4 11.Nxd4 Qa5 12.Bf4 Rfd8 13.Rd2 Rac8 14.Rad1 Be8 15.Nc2 Qc5
16.b3 a6 17.Qe3 b5 18.Bxd6 Qxe3 19.Nxe3 Rxd6 20.Rxd6 Bxd6 21.Rxd6 b4 22.e5 bxc3
23.exf6 gxf6 24.Rd3 Bc6 25.f3 Kg7 26.Kf2 f5 27.Rxc3 Rd8 28.Ke2 Kf6 29.Rd3  1-0

[Event "Bethune op"]
[Site "Bethune"]
[Date "1992.??.??"]
[Round "?"]
[White "Weemaes, Ronald"]
[Black "Belkhodja, Slim"]
[Result "1/2-1/2"]
[WhiteElo "2315"]
[BlackElo "2395"]

1.e4 c5 2.Nf3 Nc6 3.Bb5 g6 4.O-O Bg7 5.Re1 Nf6 6.e5 Nd5 7.Nc3 Nc7 8.Bxc6 dxc6
9.Ne4 Ne6 10.d3 O-O 11.Be3 b6 12.Qd2 Nd4 13.Nxd4 cxd4 14.Bh6 Qd5  1/2-1/2

[Event "Biel op"]
[Site "Biel"]
[Date "1992.??.??"]
[Round "1"]
[White "Spasov, Vasil"]
[Black "Schwaegli, Bruno"]
[Result "1-0"]
[WhiteElo "2535"]
[BlackElo "2280"]

1.e4 c5 2.Nf3 Nc6 3.Bb5 g6 4.Bxc6 bxc6 5.O-O Bg7 6.Re1 Nf6 7.e5 Nd5 8.c4 Nc7
9.d4 cxd4 10.Qxd4 O-O 11.Qh4 Ne6 12.Bh6 f6 13.Bxg7 Kxg7 14.Nc3 fxe5 15.Nxe5 Rf4
16.Qg3 Qf8 17.Ne2 Rf5 18.Rad1 Qf6 19.Nxd7 Bxd7 20.Rxd7 Nc5 21.Rdd1 Rf8 22.f3 Rg5
23.Qf2 Qxb2 24.Nd4 Qxf2+ 25.Kxf2 e5 26.Nb3 Ne6 27.Rd7+ Kh6 28.Re4 Rf4 29.g3 Rxe4
30.fxe4 Rg4 31.Kf3 Rg5 32.g4 Nd4+ 33.Nxd4 exd4 34.h4  1-0